Les 20 villes les plus peuplées des Vosges sur une carte - Statistiques

Statistiques générales
  • Ce quiz a été pris 96 fois
  • Le résultat moyen est 11 sur 20
Réponses sur la Carte
Les réponses sont colorées sur une échelle allant du rouge au vert en fonction du pourcentage des utilisateurs qui les ont devinées à leur premier essai. Vous pouvez retrouver ces pourcentages ci-dessous.
 
Statistiques - réponses
Population Ville % Correct
32 296 Épinal
100%
19 324 Saint-Dié-des-Vosges
96%
7 685 Gérardmer
89%
7 500 Remiremont
82%
6 507 Neufchâteau
70%
3 947 La Bresse
63%
8 827 Golbey
59%
8 433 Thaon-les-Vosges
58%
4 766 Vittel
57%
4 489 Charmes
50%
6 011 Raon-l'Étape
43%
5 032 Rambervillers
42%
3 873 Le Val-d'Ajol
41%
4 746 Mirecourt
39%
3 814 Saint-Étienne-lès-Remiremont
39%
3 983 Saint-Nabord
34%
3 873 Vagney
32%
3 201 Chantraine
24%
3 262 Anould
22%
3 458 Rupt-sur-Moselle
21%
Aucun quiz correspondant
Distribution des résultats
% des personnes avec chaque résultat
Percentile par nombre de réponses
Votre historique - résultats
Vous n’avez pas pris ce quiz